000 00379nam a22001697a 4500
999 _c2690
_d2689
005 20211231112501.0
008 160614b xxu||||| |||| 00| 0 eng d
020 _a0-658-00059-4
041 _aeng
082 _b7527
100 _aDutka, Alan
_91912
245 _aCompetitive Intelligence
260 _bViva Books
300 _a307
650 _aManagement
_9241
942 _cBK